Κρυστάλλης άπαντα : (ποίηση - πεζός λόγος - αναμνήσεις - εντυπώσεις - γράμματα)

Αποθηκεύτηκε σε:
Λεπτομέρειες βιβλιογραφικής εγγραφής
Άλλοι συγγραφείς: Βαλέτας, Γιώργος Μ., 1907-1989 (Επιμελητής έκδοσης, Συγγραφέας εισαγωγής κ.λπ.)
Μορφή: Βιβλίο
Γλώσσα:Greek
Δημοσίευση: Αθήναι : Εστία, 1952
Θέματα:
Ετικέτες: Προσθήκη ετικέτας
Δεν υπάρχουν, Καταχωρήστε ετικέτα πρώτοι!

MARC

LEADER 00000cam a2200000 i 4500
001 1/97419
008 081118s1952 gre d
035 |l 10101706 
040 |a GR-MY-UA  |b gre  |e aacr 
041 0 |a gre 
082 0 |a 889.1  |2 (22) 
245 1 0 |a Κρυστάλλης άπαντα :  |b (ποίηση - πεζός λόγος - αναμνήσεις - εντυπώσεις - γράμματα) /  |c εισαγωγή, σχόλια, επιμέλεια Μιχ. Περάνθη 
260 |a Αθήναι :   |b Εστία,   |c 1952 
300 |a 796 σ.;  |c 21 εκ. 
504 |a Περιλαμβάνει ευρετήριο 
600 1 0 |a Κρυστάλλης, Κώστας,   |d 1868-1894. 
650 0 0 |a Poets, Greek (Modern)  |y 19th century. 
650 0 0 |a Greek poetry, Modern  |y 19th century. 
700 1 |a Βαλέτας, Γιώργος Μ.,   |d 1907-1989.  |4 edt  |4 aui 
852 |a INST  |b RHODES  |c AKA  |e 20081118  |h  889.1 ΚΡΥ  |p 005400031084  |q 005400031084  |t BK  |y 0 
901 |a BIBL4-2008-3 
909 |a Ρ  |b 153597 
970 |a ΧΑΡΙΟΠΟΛΙΤΟΥ  |b ΚΩΝΣΤΑΝΤΙΝΑ  |z 2008/11/18